| 000 | 00649nam a2200253Ia 4500 | ||
|---|---|---|---|
| 003 | OSt | ||
| 005 | 20140313104245.0 | ||
| 008 | 140130s9999 xx 000 0 und d | ||
| 020 | _a9780439129176 | ||
| 050 |
_aPZ 7 _b.M47879Fleg 2003 |
||
| 100 | _aMcMullan, Kate. | ||
| 245 |
_cKate McMullan. _aFluffy and the firefighters / |
||
| 260 |
_bScholastic Inc., _c2003. _aUSA : |
||
| 300 |
_a30 p. : _bcol. ill. ; _c23 cm. |
||
| 440 | _v1 | ||
| 521 | _aG1 | ||
| 526 | _c260 | ||
| 650 |
_aGuinea pigs _xFiction. |
||
| 650 |
_aFire fighters _xFiction. |
||
| 650 |
_aSchools _xFiction. |
||
| 942 |
_cBK _2lcc |
||
| 999 |
_c40055 _d40055 |
||